Top 10 des pays touristiques les moins cher du monde - Statistiques

Statistiques générales
  • Ce quiz a été pris 17 fois
  • Le résultat moyen est 3 sur 10
Statistiques - réponses
Moyenne en Dollar Pays % Correct
15 Laos
81%
24 Mongolie
44%
19 Kazakhstan
38%
29 Mali
25%
26 Armenie
19%
21 Rwanda
19%
26 Burkina Faso
13%
28 Géorgie
13%
34 Myanmar
13%
22 Ghana
6%
Aucun quiz correspondant
Distribution des résultats
% des personnes avec chaque résultat
Percentile par nombre de réponses
Votre historique - résultats
Vous n’avez pas pris ce quiz